Every Geometry Dash Extreme Demon (Nov. 18th, 2024) - Statistics

General Stats
  • This quiz has been taken 67 times
    49 since last reset
  • The average score is 287 of 1109
Answer Stats
Creator Level % Correct
Riot Bloodbath
83%
Ryamu Acheron
80%
Neigefeu Acu
80%
Knobbelboy Bloodlust
77%
Bianox Zodiac
77%
Viprin Artificial Ascent
73%
PockeWindfish Avernus
73%
Ggb0y Cataclysm
73%
Presta Congregation
73%
Mindcap Limbo
73%
lSunix Sonic Wave
73%
BoBoBoBoBoBoBo The Golden
73%
OniLink Tidal Wave
73%
IIExenityII Aftermath
70%
Manix648 Blade of Justice
70%
BoldStep Erebus
70%
Platnuu ErebuS
70%
Serponge Sonic Wave Rebirth
70%
KrmaL xo
70%
TeamN2 A Bizarre Phantasm
67%
Exen Abyss of Darkness
67%
Souls TRK AcropoliX
67%
Nikroplays Allegiance
67%
Maxfs Arcturus
67%
KrmaL Black Blizzard
67%
Endlevel | ItsHybrid Deimos
67%
Mindcap Gamma
67%
npesta Kenos
67%
Mindcap Omega
67%
Platnuu Omega Interface
67%
KrmaL Phobos
67%
saRy Red World
67%
TrusTa Sakupen Hell
67%
Mindcap Sigma
67%
zYuko The Abyss
67%
Metalface221 Arctic Lights
63%
Exen Aronia
63%
F3lixsram Artifice
63%
MikeWheelerFan BBBBBBBBBBBBBBBBBBBB
63%
TrueOmega Crimson Planet
63%
Viprin Cybernetic Crescent
63%
Viprin Digital Descent
63%
CDMusic Edge of Destiny
63%
TrickGMD Firework
63%
RatQuesadilla Frozen
63%
TheParadoxTeam Frozen Cave
63%
SrGuillester Nhelv
63%
Riot Red World Rebirth
63%
Neigefeu RUST
63%
tDiamond Sakupen Circles
63%
Platnuu Sigma Interface
63%
APTeam Sonic Wave Infinity
63%
SyQual Trueffet
63%
Renn241 Walter White
63%
TrusTa Yatagarasu
63%
iIiViRuZiIi Artificial Dream
60%
LazerBlitz Auditory Breaker
60%
JonathanGD Butiti III
60%
Endlevel Cognition
60%
KrmaL Conical Depression
60%
JonathanGD Dark Odyssey
60%
Drakosa Delta
60%
Platnuu Delta Interface
60%
F3lixsram Demonicat
60%
Pennutoh Freedom08
60%
KrmaL Heartbeat
60%
Viprin Hypersonic
60%
Renn241 Jesse Pinkman
60%
ItsHybrid Keres
60%
Gablor Kowareta
60%
LmAnubis Night Rider
60%
RealMatter Null
60%
ItsKiba Nullscapes
60%
Viprin Ouroboros
60%
xSmokes Plasma Pulse Finale
60%
xSmokes Plasma Pulse III
60%
Luqualizer Silent Club
60%
TheRealSailent Silent Clubstep
60%
icedcave Slaughterhouse
60%
Viprin Subsonic
60%
Dorami The Yandere
60%
Augi Wasureta
60%
Darwin Zaphkiel
60%
Prism Altered Ascent
57%
Lemons Anoxysm
57%
Endlevel Aquatic Auroras
57%
Knobbelboy Astral Divinity
57%
LIEB ATOMIC CANNON
57%
TheKris Aurora
57%
Cersia Cersia Madness
57%
TCTeam Codependence
57%
para Cold Sweat
57%
Rustam Devil Vortex
57%
Spectruh Down Bass
57%
KrmaL Falling Up
57%
BoldStep Killbot
57%
CherryTeam KOCMOC
57%
Janucha Molten Core
57%
Dice88 Oblivion
57%
TheShadowRealm & More Panasonic
57%
btLisp Poocubed
57%
Riot Quantum Processing
57%
Nikroplays Renevant
57%
Zylenox Requiem
57%
Renn241 Saul Goodman
57%
Awedsy Sink
57%
Crohn44 Sunset Sandstorm
57%
ItzDolphy Tartarus
57%
SyQual The Hallucination
57%
Stormfly The Hell Zone
57%
JonathanGD The Lost Existence
57%
Dorami The Yangire
57%
SrGuillester 2 1 1
53%
TeamN2 Artificial Ideology
53%
Royen | Sillow Azurite
53%
Renn241 CHROMA FINALE
53%
Renn241 CHROMA II
53%
BIANOX CYCLONE
53%
Pennutoh Generic Wave
53%
iIiViRuZiIi Hyper Paracosm
53%
KrmaL Low Death
53%
MannyHeffley Menace
53%
Knobbelboy Molten Gear
53%
lTemp New Record
53%
Teno Niwa
53%
Team Proxima Omicron
53%
Lemons Paroxysm
53%
IIKugelBlitZII SARY NEVER CLEAR
53%
ItzKiba Shardscapes
53%
Alkali Super Probably Level
53%
Stormfly The Hell World
53%
AndromedaGMD The Ultimate Phase
53%
Akunakunn Tunnel
53%
Exen Tunnel of Despair
53%
TrusTa WoW
53%
F3lixsram 8o X
50%
Manix648 Armageddon
50%
LIEB ATOMIC CANNON Mk II
50%
LIEB ATOMIC CANNON Mk III
50%
GoodSmile Audio Expulsion
50%
GoodSmile Audio Extraction
50%
Danzmen Bang Gang
50%
Pennutoh Bausha Vortex
50%
CherryTeam Belladonna
50%
icedcave Cat Planet
50%
Cirtrax Chromatic Haze
50%
APTeam Cosmic Cyclone
50%
herozombie80 Deadlier Clubstep
50%
Zeroya Ethereal Artifice
50%
Renn241 Gustavo Fring
50%
Teno Kuzureta
50%
Demishio Kyouki
50%
Endlevel Mystic
50%
CooperSuper8 Prisma
50%
CatGeo Prismatic
50%
Cirtrax Prismatic Haze
50%
Flosia | Viprin Quaoar
50%
Artos & More SARYYX NEVER CLEAR
50%
Yuko Shukketsu
50%
Xander & More Spectre
50%
Temp Spectrum Cyclone
50%
TeamN2 The Hell Factory
50%
Kyhros TORN
50%
Lexycat Troll Level
50%
ItzNisha Verdant Landscape
50%
Mulpan x0
50%
Golden A2Marbl
47%
IIExenityII Athanatos
47%
Pennutoh ATMarbl
47%
GDSkele Aurorae
47%
lTemp Balengu Vortex
47%
BloodShot Bass Cave
47%
ZephiroX Catalyze
47%
Mindcap Celestial Force
47%
zDeadlox Crowd Control
47%
Rustam Deception Dive
47%
MrSpaghetti EX
47%
Dshifter Freedom16
47%
PlebKIngdom Fusion Z
47%
BIANOX HURRICANE
47%
ItsHybrid Hyper Paradox
47%
Ggb0y Infernal Abyss
47%
BIGMAC77 & More IthacropoliX
47%
Armadeus Kappa
47%
CairoX Lucid Nightmares
47%
KrmaL M A N I X
47%
Jeyzor Matilda the Machine
47%
CDMusic MINUSdry
47%
We4therMan Misty Mountains
47%
ItsHybrid Molten Mercury
47%
Metalface221 N0
47%
T G I Necromancer
47%
Namtar NecropoliX
47%
Rlol Night Party
47%
Demishio Ourwa
47%
Quiken Pumped Up Kicks
47%
Loltad RASH
47%
GdTheTactiq Stalemate Redux
47%
Havok The Hell Bird
47%
Stormfly The Hell Field
47%
Stormfly The Hell Inferno
47%
Bianox & More TORNADO
47%
TROLLMACHINE TROLLMACHINE
47%
Flukester Twisted Tranquility
47%
iiLuna Untitled
47%
Endlevel Aerial Gleam
43%
Marwec Atmos
43%
Dorami Azure Fiesta
43%
Surv Breakout
43%
Waivve Breakout Redux
43%
Walroose Calculator Core
43%
Findexi Carnage Mode
43%
Cersia Cersia Difficult
43%
DreamZone GD ConClusion
43%
Davphla Diligence
43%
Enzeux Dolos
43%
Team Proxima Epsilon
43%
SleyGD Escape Room
43%
nothawkyre Eyes in the Water
43%
Crohn44 Glide
43%
AZuLer4 Hatred
43%
ZeroSR & More Lotus
43%
StarkyTheSalad Lotus Flower
43%
Ryamu Make it Drop
43%
iNubble Maybe Possibly Thing
43%
Agat3 & Amza NETWORK
43%
VanDerVals Network
43%
TheParadoxTeam No Jokes
43%
Herozombie80 Quantum Theory
43%
Linear2 Solar Flare
43%
99percent Team Z
43%
Denipol Tenth Circle
43%
Stormfly The Hell Dignity
43%
Atomic Thinking Space
43%
TCTeam Titan Complex
43%
para Untitled Unmastered
43%
Loltad Worse Trip
43%
Zeptoz aether
40%
ZeroSR Aether
40%
VotcHi Akashic Records
40%
Eridani AKIRA
40%
zYuko Anahita
40%
Eclipsed Arctic Arena
40%
Rynoxiouss Artificial Climb
40%
Exen Asterios
40%
Ka1sa Aura
40%
Juhou Awakening Horus
40%
Sink Awedsy
40%
Weoweoteo Betrayal of Fate
40%
DreamZoneGD ConFusion
40%
AleeXhey Death
40%
BIANOX Dimension Breaker
40%
Kapycta999 Dreams
40%
Eiruni Edge of the Blade
40%
Rob Buck Glowy
40%
Komp Hard Machine
40%
Renn241 I HATE RENN
40%
L4TeZk Io
40%
BIGMAC77 Ithacropolis
40%
HangerLord Knights of Thunder
40%
fwefwe KOSETSU
40%
Koko43 Lodin da fish washer
40%
CairoX Lucid Chaos
40%
Hechie LUMINA
40%
F3lixsram Monstercat
40%
gmdmann Mystic Bounds
40%
YakobNugget Nightshade
40%
Endlevel Promethean
40%
Knobbelboy Ragnarok
40%
icedcave SUPERHATEMEWORLD
40%
ItsHybrid Tempered Steel
40%
Mbed The Art of the Blade
40%
Raivolt Torsion
40%
KrampuX Visible Ray
40%
CherryTeam WATERFALL
40%
MikeWheelerFan Ziroikabi
40%
MikeWheelerFan Ziroikapi
40%
Dienid ABEL
37%
Asuith Alcatraz
37%
XLSpiral Amalgam
37%
Vexiion Asmodeus
37%
Moffe Barbaros Finale
37%
Awesomeme360 BarbarosFinaleFinale
37%
Sminx Belloq
37%
ARtu Biohazard
37%
Grax Broken Signal
37%
ArtaxFerSarh BROWNOIX
37%
Asuith Carcano
37%
Giron Digital Disarray
37%
L4TeZk Edge of the World
37%
Danzmen EnvY
37%
Renn241 Eon
37%
ImMaXx1 ETERNAL
37%
HelpegasuS Factory Realm X
37%
LIEB Falcon16
37%
Vlacc FIFTY THREE
37%
J27Blaze Hopping Over Puddles
37%
CherryTeam La Llorona
37%
zYuko Midnight
37%
zDeadlox Mind Control
37%
Lexycat Moment
37%
iIiLaseriIi Natural Disaster
37%
Jenkins NEUTRA
37%
Vismuth Niflheim
37%
GrenadeofTacos Quantum Dynamix
37%
MikeWheelerFan Rate Demon
37%
WOOGI1411 Retention
37%
Spectex Shock Breaker
37%
Arb Shock Therapy
37%
Eclipsed Spacial Rend
37%
Xyriak Terminal Rampancy
37%
Stormfly The Hell Origin
37%
Lavatrex The Lightning Rod
37%
Ka1ns The Rupture
37%
Awesomeme360 The Super Hotdog
37%
CherryTeam Void Wave
37%
Vortrox Welcome to GD News
37%
Metalface221 Abandoned Planet
33%
Aimbotter2123 Aimbotter Force
33%
MrSpaghetti Ancestral Calamity
33%
iIiViRuZiIi Auroral Darkness
33%
IronIngot Ballistic Funk
33%
ThePurgatory115 Bete Noire
33%
DiamondDemon935 Boreas
33%
Pennutoh Cadrega City
33%
Awedsy Calamity
33%
Zeroniumm Crystal
33%
Heretic109 Dream City
33%
tenzk & more Dry Out Copyable 2
33%
KrmaL Elite Z Rebirth
33%
EternaswipVMAX Explosion
33%
Cersia Fragmented
33%
GrenadeofTacos Freedom19
33%
AlrexX I hate you
33%
Shmigels Ion
33%
Hangerlord Judgement Knights
33%
Akunakunn Jupiter My Favourite
33%
Espii Komodo
33%
Dongchi Light Travel
33%
TheBlackHell Lost Love
33%
GD ParaDoX Mandragora
33%
Shmigels miss you
33%
Marwec Napalm
33%
Doneditboye Neon Guts
33%
IShardI Niflhel
33%
TheRealXFuture OUTPUT SPRING
33%
Blakejm Phantasma
33%
Janucha | whlt Phantasmagoria
33%
Mazl Photovoltaic II
33%
btLisp Poocu4ever
33%
Denipol PSYCHOPATH
33%
nSwish Rage
33%
Zeptrus Sarthix
33%
IINimbusII Storming Summit
33%
PleoSlim Rmd Tech Manifestation
33%
TheLasaga The Hell Nutz
33%
vit12 The Ultimate Demon
33%
Blad3m Uprise
33%
ZoinkDoink Witching Hour
33%
Awesomeme360 XxXxXxXxXxX
33%
lFritz Yuh
33%
Ewop 1330X
30%
Sardina 9blue
30%
Renedi Acrozis
30%
SyQual Aesthetic
30%
Elevens Air Tech
30%
Anya21 Anya III
30%
Annon Apparition
30%
Jakalope Astrophobia
30%
TrusTa Berserk
30%
NEKONGAMES Black Flag
30%
TCTeam Cadrega Mode
30%
CairoX Concaved Memories
30%
Awesomeme360 Coral Cave
30%
Wormfodder Doop
30%
IvashkaUA doradura
30%
Kivvvi Empyrean
30%
iRainstorm Eternal Moment
30%
YoReid Falling Maze
30%
PentuGD Falsch
30%
lSkyJax Fexty
30%
MrLorenzo Firepower
30%
Kapycta999 | Sillow FIREPOWER
30%
SrGuillester Game Over
30%
GDZenmuron Golden Club
30%
ItsXZ HADES
30%
Hero3210 Illusion
30%
PrankOrigami Le Fishe
30%
Darmuth Loop
30%
ZephiroX Macabre
30%
McCoco Mazemory
30%
ImMaxX1 Memories
30%
Insidee MINIMUM
30%
Galaxxyss Misfire
30%
Teno NetzWerk
30%
foodynooby Ouroboros Startpos 2
30%
Sycro OXI
30%
Patchimator Polish Alphabet
30%
Wulzy Redemption Arc
30%
SleyGD RGB
30%
Stormfly Silentium Gradas
30%
Giron Sky Tech
30%
LaZye Step to Hell
30%
Vortrox Stereo Extremeness
30%
Pocke Sunburn
30%
ColorBolt Tempest Tornado
30%
Aerae Terminux
30%
lllRyanlll The Flawless
30%
Notlsa The Mainframe
30%
Zacanaii The Paroxysm of Rage
30%
Patchimator Thunder Alphabet
30%
Zylenox Triple Six
30%
Hawkyre Viprin UFO
30%
Hypno74 Voltage
30%
Awesomeme360 ZOOOOOOOOOOOOOOOOOOM
30%
Royen 4Elements
27%
Shmigels A Berry
27%
BowTieGD Absurdia
27%
Zylenox Annihilation Nation
27%
Cersia Another Phase
27%
Nasgubb Apollo 11
27%
Rimexon Ascent
27%
VoidSquad Atmosphere
27%
ItsXZ Aureole
27%
Galaxxyss & More BEELINE
27%
Splash Betrayal of Destiny
27%
IceboxOG Blue Suns Zenith
27%
Akunnakunn BOOBAWAMBA
27%
digitalzero Boogie
27%
AlrexX BYE
27%
DreamZoneGD ConTroller
27%
Moosh CORRODERE
27%
Zeniux Critical Heat
27%
BIANOX DARKENED
27%
lfritz Ddiamond
27%
Vadi Delirium Tremens
27%
Kwezy Depth
27%
Dalfa Dimensional Breaking
27%
Ryli06 DREAMS TAKE OVER
27%
Zafkiel7 ElectroLux
27%
Zafkiel7 Esencia
27%
SyQual Esfera
27%
MaxiKD Fabricated Thoughts
27%
Noriega Fingerdash v3
27%
Whoiskeve FISH FISH GODMODE
27%
Notesxd Fog
27%
Quaybus Frost Spirit
27%
Failure444 Furious Flames
27%
Canonlaw Helios
27%
Shrc Horros
27%
Zafkiel7 Idols
27%
Kaito INNARDS
27%
ItsHybrid | Krazyman50real Instinct
27%
Motheye KINGSLAYER
27%
Nerhy Loochiverse
27%
Aeyooo Loose Screws
27%
WireMuncher Lovel
27%
Weoweoteo Marathon
27%
CherryTeam Mayhem
27%
The4n1ma Memories III
27%
Akunakunn me when machine gang
27%
YGYoshI Mujigae
27%
TwisterDude161 Neon Mixtape Tour
27%
Ryli06 NIGHTLIGHTS
27%
OliXor Outside Eyesight
27%
ZephiroX Penombre
27%
WOOGI1411 PENTAKILL
27%
nwolc Penultimate Phase
27%
Ilnm Reanimate
27%
Custi SAND SAILOR
27%
Wahffle Sinister Silence
27%
Dorami Snowfall Fiesta
27%
Kaito SPEEDRUN
27%
Exofr Sunk
27%
o1iv3 The Tower XXII
27%
Kivvvi Totem
27%
Hero3210 Triadic Trials
27%
YakobNugget Unearthed
27%
Dorami Violently X
27%
AAAAAlex Voltaic
27%
Lemons Wavebreaker
27%
Demishio Widestep
27%
MaLiaN Zinhwa
27%
krenogd 100HEX
23%
LordeQuacc 4ucked Up
23%
Metalface221 Ancient Travel
23%
Mcres Beyond the summit
23%
whlt BLACKLIGHTS
23%
Inex BPATA MPAKA
23%
zYuko Brimtanic Paradise
23%
JustaGDplay3r Caution
23%
GiaMmix ChopStep
23%
Amplitron Coalescence
23%
Pennutoh Cosmorush 21
23%
AlrexX Crackhead Circles
23%
Crerro Crerro Kaizo I
23%
Crerro Crerro Kaizo II
23%
NateFH Crippled Depression
23%
ThatJack Cyberstorm
23%
CherryTeam CYTOKINESIS
23%
ZenthicAlpha Daybreak
23%
SmoopInc DEOGEN
23%
SoDaZ Devils Disco
23%
TrueInverse Dreaming
23%
Stanstanmansan Dsink
23%
PureDinoMight EKO
23%
DreamTide Faded Dream
23%
ZeroSR Faith
23%
Neostic FLOAT
23%
YoReid Floating Maze
23%
Sillow Forbidden Isle
23%
Endlevel Fragile
23%
PolarBeahr Gaming
23%
Derpskull Heart Attack
23%
Jenkins GD Incipient
23%
Texic JUST DANCE
23%
ilnm La Cueva
23%
GunnerBones MadMansion
23%
T G I Missing Benefits
23%
Renn241 Of Ambrosia
23%
Vit12 Ordinary
23%
Thazm Paralysis
23%
Spu7Nix Place
23%
GhostVandalf QoEUO
23%
LLoom RAINBOW GIRL
23%
Wherwin Removed Submission
23%
DanZmeN TANTRUM
23%
iiLuna Tesseract
23%
Onvil The Moon Below
23%
Rynoxiouss The Wiener
23%
Aimbotter2123 Wind Storm
23%
Sink 22 Trials of PAIN
20%
Wapon77 Adrenaline
20%
Imjum Aksion
20%
Failure444 Alpha Baa X
20%
cordeaux AUX CORD
20%
Kodex360 BACKLIGHTS
20%
Alphirox Based Gang
20%
fakeIWNL Beyond Hell
20%
NateFH Cerebral Hemorrhage
20%
Shaggy23 CholeriX
20%
LeGoogus Citra
20%
Cersia COMBUSTION
20%
Killa Corrosion
20%
Aquatias Cosmic Ray
20%
Relayx Cromulent
20%
Dzeser Damascus
20%
KeiAs Dark Flare
20%
Flex Dark Rivalry
20%
Wespdx Deep Bass
20%
Bosjoker Destruction 19
20%
ItzJitterbug325, Devin2003 Devins Thorn Zone
20%
Ryli06 DIRECTIONS
20%
Ka1sa Disruption
20%
Agar0ther Draco Meteor
20%
Renn241 DUMBEST GIRL ALIVE
20%
Filqh | SleyGD Ecstasy
20%
Motheye Electric Forest
20%
DreamTide Endless Dream
20%
icedcave Fever Dream
20%
ZoinkDoink Gaming 35
20%
Nightning GONER
20%
notLsa Halberd
20%
Nico99 Heat Wave
20%
ASBCHazel Hidden in the Sand
20%
Flukester Infinite Iniquity
20%
NEKON & More Jigsaw
20%
iMasu Karasu
20%
ARtu Karma
20%
Moffe Launchpad Labyrinth
20%
Dashiell10 Lights Out
20%
Akunakunn MOTOR MOGOK
20%
Wyntaee neighborhood
20%
Reshiria Neon Skyline
20%
Moffer NeRUal
20%
Kohtpojiep Overlord
20%
Cersia & More | Yakimaru Pandemonium
20%
ThePrimeEvil Poltergeist Reborn
20%
ewop & more PROTOFLICKER
20%
Ch4lie03 Psychotic
20%
Tinraz Red Moon
20%
Mojitoz Reflective
20%
SurJaco RELENTLESS
20%
TheBlackHell Retention Rush
20%
Amplitron shimmer
20%
Xolarzz Silentium Clavas
20%
Mbedsun Sl8o
20%
notGed Snowfall Storm
20%
ZephiroX Solarion
20%
TwisterDude161 Supreme Demon Mix
20%
YoReid The Sulphur Sea
20%
TheJShadow Throat of the World
20%
vRidge To the Blue Moon
20%
zYuko TWILIGHT
20%
vaen Vaenstep
20%
Hexitine Water Demon
20%
GeoNoRway Xeriscape
20%
Hjfod Zenith
20%
Jenkins Zettabyte
20%
MostDubstepFan Agen Wida
17%
Maxis044 Ameliorate
17%
Awesomeme360 Any Percent
17%
StarkyTheSalad APEX
17%
Kolros716 Ascension
17%
xHeiDax ASHES
17%
SaturMan AXINIE
17%
BaimDaKing Begin
17%
ImMaxX1 Cave of Heart
17%
Darwin CICADA3302
17%
HushLC Climax
17%
Akunakunn Coolie Mazie Paloozi
17%
DrayTM Dance of the Violins
17%
Yendis DAYDREAM
17%
Split72 DEAD OF NIGHT
17%
KiwiPenguin Decay
17%
Royen Dedohexdragon
17%
Mojitoz Deflective
17%
GrenadeofTacos Descent into Exile
17%
YakobNugget Disentombed
17%
Alkali Distraught
17%
Jeyzor Dole Damos
17%
KiwiPenguin Dreamer
17%
MrSupremeGD Effect II
17%
Swib ELLIPSISM
17%
Amza FRAMEWORK
17%
Metalface221 Gang Plank Hell
17%
GrenadeofTacos Goldcrest Palace
17%
Pavlaxan Ikaros
17%
SkyWalker14 I NEVER DREAM
17%
Spark Iridium
17%
JustJohn Jamboree
17%
Eefy77 Jetpack Trials
17%
Shmigels Laranja azul rosa
17%
WOOGI1411 Libertas
17%
Aimbotter2123 Malevolent Maelstrom
17%
IINimbusII Mirrored Calamity
17%
Crohn44 Moving Forward
17%
Toughfey Myocardia
17%
ItzAdrift Nemesis
17%
Kiwipenguin Neurostasis
17%
Metalface221 Never Beat It
17%
Doshterhoz Nextphase
17%
NewSakePlayS NIGHT RUNNER
17%
Gryllex Novalis
17%
Havok Occult Outcry
17%
KlaurosssS Overtime
17%
Seturan Pagoda
17%
LimeTime313 Phosphorescent
17%
Hypno74 Polygonal Paradox
17%
Extravagon Precipitance
17%
Elevens Realtered
17%
SubStra Reeses Potentially
17%
Woom Reverence
17%
Madeliene Robotchief Exposal
17%
Surjaco RUTHLESS
17%
TMco Scream Machine
17%
iRainstorm Sephiroth
17%
Renn241 & More Shmarley Ville
17%
BIANOX Singularity
17%
Koko43 STICKS FOR BONES
17%
Snowr33de Subversive
17%
TheRealWeenside Supercharged
17%
VelYT Sweater Weather
17%
JakerZ Sysmique Locked
17%
Zeniux SZYSLAK
17%
Loogiah Terrorcore
17%
Edooox Tesseract Force
17%
BIANOX The Antimatter
17%
Cinny TheCinnyBun
17%
2ItalianCats The Guards Mission
17%
fakeblast The Hell Tribute
17%
JustWaaf THE PRINCE
17%
Konsi Thorny Path
17%
Ryder Torgue
17%
AeonAir To the Stars II
17%
CherryTeam Trotil
17%
NesiaL Twilight Coexistence
17%
PlebKIngdom UltraSans
17%
zYuko Void World
17%
Metalface221 Volume
17%
Stanstanmansan Warios Gold Mine
17%
Crerro Whats the Point
17%
VigorousGard3n Wintertime
17%
MASSIVESATAN ZURB
17%
iObsidion Advanced Airstream
13%
Ultimxte Advent Aurora
13%
Vizitek Agony
13%
ZeroSR BASIL
13%
Zanna83 Betelgeuse
13%
Ka1sa Booh
13%
Zafkiel7 & More Brain Power
13%
Crazyllama BURN TO DUST
13%
Gablor BuZzKiLl
13%
Meroo Castling
13%
SirPotatOwO Cerebral Torment
13%
Gruzzy Checked Steam
13%
TheJosiahTurner Cheyenne
13%
ThePurgatory115 Clock Tower
13%
DivideNick Cloudscape
13%
MrSupremeGD Cold Level Go BRRRR
13%
Mcres CONNECT
13%
KEaliTgeo CONVOLUTION
13%
vyp Cupid
13%
TeamSmokeWeed Delebit Oblivio
13%
Rustam Disaster Dive
13%
ImMaxX1 DISSONANCE
13%
GhostVandalf DMG CTRL
13%
Gablor Dualies
13%
Giggsrh Dump
13%
GDikonic Dust Bowl
13%
BGames Empress Blades
13%
Bizaare Endurance
13%
ProGGCyrus Eternal Entropy
13%
8BitFudge Ethereal Entity
13%
Chom Extinction
13%
KeiAs Fabrication
13%
Jghost Farthest Outpost
13%
YoReid Floating Outskirts
13%
Metalface221 FRIDAY
13%
Usermatt18 Frizzantino Vibes
13%
Split72 FURY OF 500
13%
Df0rDie Generic Glow Level
13%
Alphirox Gentlemens Clique
13%
Squizaaard GLISTEN
13%
TCTeam Glitched Memories
13%
MikeWheelerFan Grill Kill
13%
Enfur Guideless Goobering
13%
GD Iris Hateful Reflection
13%
Flumpter HELIX
13%
BiBox High Heat
13%
stcubing Hot Rod
13%
YouknowwhoGD IDOL19
13%
HandsomeOrange Inanimate Insanity
13%
Mojitoz Inflective
13%
ByBoy 11 Insaction
13%
Plexidit Instant Execution
13%
EternaswipVMAX Iris of a Puppeteer
13%
L4TeZk Lithium
13%
Tuna310 Lovestruck
13%
TheGalaxyCat Luxtra
13%
XSlendy Marlboro reds
13%
Darwin MELTDOWN
13%
TwisterDude161 Motorbreath
13%
Mulpan My Worst Demon Level
13%
Meowdead Nowdead
13%
Eridani Obscura
13%
DrCuber On1y Cub3
13%
TheRealXFuture OneAttempt
13%
Awesomeme360 Party Rock Anthem
13%
Cancel PLUS ULTRA
13%
Valentlne QDYNAMIX
13%
TwisterDude161 Quadratic Function
13%
James RAM
13%
Dan2d Rigel
13%
Robianny Robi
13%
TypicalGMD RTX ON
13%
Koko43 Ruber cash 22
13%
ASBCHazel Ruler of Everything
13%
efext SHATTER
13%
CherryTeam Shinigami
13%
SpinStudios Shotgun
13%
joker179114 Shukufuku
13%
OliSW Shutdown
13%
MaxxoRMeN Sides of My Mind
13%
Awesomeme360 SorryForPartyRocking
13%
MzeroGD Sparkling
13%
Ryder Spectrum Rave
13%
MrLorenzo Tapwreck
13%
JamAttack The Cellar Path
13%
Kyhros The Reaper
13%
Waaffllee Trxpping Eyebxlls
13%
Nikoberry TURN THE LIGHTS OFF
13%
vyp ULTRA VIOLET
13%
N R G Under Lavaland
13%
DrCuber UNKNOWN
13%
Kovosrutek UNLEASH WHALE WHALES
13%
ZenThriXGD Vendetta
13%
Yakimary Vermilion
13%
PAHC | notLevo Vertigo
13%
Skyzl Vivacious
13%
Renn241 Vociferous
13%
Purplegalaxy Welcome to your mind
13%
ShroomyEllyza Wtf
13%
Wonduu Wutend
13%
L4TeZk All In
10%
NDagger Beatpulse
10%
Lappwv Bouncy Ball
10%
xLia Chainsaw
10%
Wintter Cicatrize
10%
MaxxoRMeN CITYFADE
10%
Rynoxiouss Collect All Pets
10%
Hero3210 Complementary Cruise
10%
Fafenel Court Circuit
10%
Zeniux Crystal Crusher
10%
Kodex360 Disastrous Downpour
10%
Multiverse55 Dismal Duststorm
10%
ewop Dismay
10%
Loogiah DubKore X
10%
Zeptoz Duplication
10%
DuskerHu Dusker Processing
10%
Hexitine Edelweiss
10%
spcreat Excruciation Chamber
10%
Ellisha Exotic Energy
10%
Waturn EXPLICIT
10%
Mulpan Finkor
10%
RadiationV2 Flappy Dynamix II
10%
Pennutoh Free for All 2
10%
Meowmastererer Free Solo
10%
Whippie37 Frenzy
10%
Cersia Friday Vortex
10%
TwisterDude161 FusionDynamix
10%
64x GANGIMARI
10%
Kapinapi GBS
10%
ImMaxX1 GEODE
10%
Wintter GewErbiX
10%
Shmigels Gloss
10%
NindyBK Gracefully
10%
Eclipsed Gridlocked
10%
Pocke Headlock
10%
Llert Help
10%
MaxyLAND Hydratic
10%
Xyriak Hydraulic Overdrive
10%
Smarted Ice Climbers
10%
icedcave Icotact
10%
AVRG ILOVECYAN
10%
Azuvy IMAPHONE
10%
Heatherhayes Imitation Game
10%
Vonic INFLAMMABLE INFUSION
10%
s3batr0nic INTO PETALS
10%
Hangyking it back
10%
Lebi06 JeonGI
10%
PikaSempai Last Station
10%
Akunakunn Le Midd Mapperoonies
10%
Step4enko Lezicuv
10%
Team TNC Lightness
10%
Mistically Lit Path
10%
Alex1122300 Madness
10%
Darcii Make it Funky
10%
Enlex Malware II
10%
Oleki Maths
10%
Akunakunn Metalic Destruction
10%
CairoX Metal Requiem
10%
xSlendy Milo
10%
Enfur Miscellaneous Memory
10%
iHermes Mjolnir
10%
PikaSempai Ninobytte
10%
Arplight No Ember
10%
NeyvaShift Novasphere
10%
Szilu Nunri
10%
Kapycta999 Ogue
10%
HHyper Omorfia
10%
LeGoogus OPSM1
10%
Lp44 Our Fountain
10%
MannyHeffley Out of Chaos
10%
Jinnans OVERKILL
10%
ThiKn Plumber Madness
10%
SpergQuos Proteus
10%
Multiverse55 PROTON LAUNCHER
10%
SpranktonGD Pulsation
10%
Milos482 Raindance
10%
Arb Reactor Core
10%
GDSkele Reunite
10%
GDgalaxygaming Robot King
10%
Akunakunn Scrubbabingo force
10%
SundayGMD Seaglass Foundry
10%
Sillow SECTOR 19
10%
TheRealXFuture Semicolon 3
10%
Javp Sewers
10%
Devilmine Shimmering Chamber
10%
VirtualCrack Skrrah
10%
Thazm SMASH
10%
VigorousGard3n Springtime
10%
TeamE12 Stygian Machinery
10%
Koopazu Swirling Serenity
10%
Mulpan Tenebris
10%
G4lvatron Terminal Heaven
10%
HandsomeOrange THE DEADLANDS
10%
Fusion425 The First
10%
IFFFFFFFFFFFF The Tears Beneath
10%
Colorbolt Timor
10%
Vizitek To the Exosphere
10%
FunnyGame Tron
10%
BiBox Turnt Temp
10%
Kapycta999 Twitch Denan
10%
oleki U235
10%
TheRealPeng Unknown Civilization
10%
whlt verisimilitude
10%
vonic Vexatious
10%
JustXSoos Voided
10%
para Want Me
10%
TwisterDude161 Warning
10%
mbed We Are Not The Same
10%
Galaxxyss Wild Rose
10%
Akunakunn xuser morelike luser
10%
L4TeZk Callisto
7%
Purzin Carbon
7%
MVXgameS CASIO HELLBURST
7%
efext Circuit Breaker
7%
Enfur Cluttered Confusion
7%
fwefwe Collapse
7%
CybayaGD Corrupted Volume
7%
4yoet CRIDIUM
7%
Fourtex Dance Til Dawn
7%
NinSam Destinies
7%
kingsman265 Disintegrate
7%
Dkitey ECSTASIS
7%
ExactTeam EGO KILLING
7%
Mulpan Elliptic Curve
7%
Looou Empanadas Fugaces
7%
Arsid EMPTINESS
7%
e3ea Encroaching Dark
7%
Nyseoul Enlightened Memories
7%
Omni Team Entropy
7%
Yoonsr Evangelion
7%
zFlare5 Event Horizon
7%
LengthyRat Evil Depths
7%
TheRealXFuture FAULTY CODE
7%
Xinpa Ferrum Frenzy
7%
Pennutoh Final Epilogue
7%
Pumpkininabox Fish In the Sink
7%
Krenogd FLAMETHROWER
7%
PlayerHungry Flyway
7%
RadiationV2 Frightful Melody
7%
Jeyzor FRUSTRATION
7%
TeamSmokeWeed Galactic Shift
7%
WireMuncher Gateway
7%
Nelll Glacial Torrent
7%
awesomeme360 GO bird
7%
GangstaSpongebo Graphite World
7%
LLoom GREAT FURY OF HEAVEN
7%
KuraiYonaka Hardry
7%
TMco Heavens Door
7%
Custi HOOKIN UP WITH CUSTI
7%
Notlsa Huellas En La Nieve
7%
No ob im happy 4 you
7%
Filqh IMOISTAR
7%
HenryDS Impasse
7%
Kapanapi Incandescent
7%
Exorsus12 Insane Techniques
7%
LastPrismAlex & More Interstellar Entropy
7%
KEaliTgeo Intersummisse
7%
KEaliTgeo Intervallum
7%
Sminx Kinetic Bypass
7%
WaRioX KUB
7%
Cejelost Last Stop
7%
Konsi Limitless
7%
LinuDi LinuGi
7%
ARtu Lonely Lights
7%
Shmigels Maddening
7%
BIGMAC77 Maniamatic
7%
Xinpa Masochism
7%
DreamEater Mecha Mayhem
7%
n1ckxd Me Lin A
7%
LightINovel MewneI
7%
Golden Mirage
7%
SnowEye Multi Arm
7%
EidamGD Nevermore
7%
BGames Novae Project
7%
DuskerHu Once Again
7%
Insidee OOPZ
7%
TwisterDude161 PAINFUL PLAYLAND
7%
Raixe Pingas21
7%
RateUnite PixelSonic
7%
goobfrudla Ploink
7%
AAAAAlex Pootis Engage XTREME
7%
Platnuu Pound Town
7%
YraX Power Grid
7%
Koko43 Project Girlboss
7%
Nekon & More Project Nexus
7%
Wyntaee Pro Lov Ad
7%
Custi PURE VALE
7%
DavidConcal Radio Tower
7%
Airzyy Raisins
7%
Acute144 RANDOM ACCESS MEMORY
7%
Lykoz Rayovac
7%
CyberTeam Reaper Lair
7%
GrenadeofTacos Recrystalize
7%
Hypno74 Remember
7%
Fursona Reset Your Mind
7%
Rosesc Rosedynamix
7%
EternaswipVMAX Sapphire Angel
7%
Zeptrus Sazerix
7%
deThe Sephtis
7%
AleeXhey Shape of the Sun
7%
Xanii Shibui
7%
Sminx SIGSEGV
7%
ItsHybrid Sinister Incision
7%
Dorvict Sky Shredder
7%
Bratki Snowdrift
7%
Swoli Solstice
7%
ElectriDark Spirit House
7%
Arkki Stand in the Snow
7%
Magmeta Static Ignition
7%
Woom & More STRATUS
7%
Nabbbbbb SUPERMAYOHATECLUB
7%
TMNGaming Surge of Memories
7%
Geogamer12 Surge of the Shield
7%
Vlacc Synergy
7%
Bram4Real The Old Trail
7%
Rad Scorpion Gaming Through Time
7%
Xinpa Time Pulse
7%
Feijoaoa TUAPEKA
7%
IceRodGD Twilight Spire
7%
An Gyung UNG
7%
BuiltInMacro Vacant
7%
HangyKing Vast Waters
7%
fCrouley Vignette
7%
TeamUprising Virtual Collapse
7%
LeGoogus VIRTUE
7%
Szilu Wacky McWackFace v2
7%
GDSkele XRAY
7%
Vismuth Yggdrasil
7%
SleyGD Bitcrusher
3%
InfernuZ BRAINROT
3%
Robotchief BRKMGB8GJCZ
3%
Bontic Ch1ll Puddy
3%
EnTrix23 Chub Chub
3%
AlrexX Cosmic Cluster
3%
Playeruan Crowded Void
3%
Kedavra Curie
3%
Billzer DESOLATE
3%
Ryli Devoid
3%
zZenith Eleos
3%
Blaster1337 EnCrypted
3%
EASYMODE Entrenched
3%
Kacurroo Eternal Dreams
3%
Rkyde Fellow Phobia
3%
Blaster1337 FTW
3%
Neoraptor Future Chaos
3%
Bordonn FUTURE DEMON MACHINE
3%
kalculus19 gardening map
3%
LudiumGD Give Up II
3%
Arturlist HAPPY PILLs
3%
Mercury6779 HYPERCHAOS
3%
Exsii HYPER GRAVITRON
3%
iITesseractIi Infinite Highway
3%
LiquidoxGMD InTerFeRenCe
3%
Pasiblitz Intrusive ID
3%
OliSW Kebnekaise
3%
Kapycta999 Kjdf8314jlfssf
3%
Bedrock Lateral Myst
3%
ThiKn LXE
3%
TwisterDude161 Manic Machine
3%
Nabbbbbb Microsoft DriveThru
3%
Snarlax523 MONSTROSITY
3%
Nabbbbbb Nabil Let Go
3%
TCTeam Nightmare Chasm
3%
Royen Pessimism
3%
Meloo Pitfall Caverns
3%
Soumpeixe Project Alter
3%
Superkobster Project BUZZKILL
3%
Renn241 REPENTLESS
3%
DreamLightGD Ryft
3%
AAAAAlex SEGFAULT
3%
clncrvl Showdown
3%
Leksitoo Siniristi
3%
Enfur SMARTISH MODE
3%
TheParadoxTeam Sodium
3%
Addsomething Spectrum Split
3%
SamMaxx Stellaluna
3%
vARIKOZ Super Kontik
3%
Royen Supernova
3%
Javixed4 Techno Flashes
3%
Alpha Rainbow Tenochtitlan
3%
Zeptoz Th3Dev0n
3%
Cersia Thunderzone
3%
zYuko Tower of Infinity
3%
Darrenwr TREMORS
3%
TwisterDude161 Turbulent Valley
3%
Shrympo Unfair Evening
3%
Tim1k Universe on Fire
3%
Zpicy Unsaved Changes
3%
No ob Unwell
3%
Lykoz Up and Down
3%
SkylarkyXD Uplink
3%
qMystic very rusty pipeline
3%
Enfur Violet Illusions
3%
IcyWindy V O L L E Y
3%
fakeHATETAG Whg3 Lv5
3%
Nyx White Noise
3%
Bimms WORSTBRAINMAP
3%
zJinoBeats Xronier
3%
LEOPUS YeeSangHaeYo
3%
Kapycta999 Ykds1479ymdppr
3%
AlaskaFX Canneles au chocolat
0%
Orelu Chief Needler
0%
Astronaut21 Dungeon Treasures
0%
ImNotNuub InMind
0%
Enlightenment I Wanna Rob the Top
0%
KATALYSM Mesabisos
0%
TornadoGD54 Mountainous Climb
0%
GabestGD Nuclear Alarm
0%
WayAway04 ReVolution Unleashed
0%
Ghotstav Sky Conflux
0%
Rtnman Storm Front
0%
Truongwf THIS CITY LIT
0%
SeoRo Vanish
0%
Sruj Voluto
0%
Dssdsds Vortex of Time
0%
jbooster XtC
0%
No matching quizzes found
Score Distribution
Percent of People with Each Score
Percentile by Number Answered
Your Score History
You have not taken this quiz since the last reset